<?xml version="1.0" encoding="UTF-8"?>
<collection xmlns="http://www.loc.gov/MARC21/slim">
 <record>
  <leader>02804cam a2200565   4500</leader>
  <controlfield tag="001">1733216243</controlfield>
  <controlfield tag="003">DE-627</controlfield>
  <controlfield tag="005">20240729225006.0</controlfield>
  <controlfield tag="007">tu</controlfield>
  <controlfield tag="008">200917s2020    xxu|||||      00| ||eng c</controlfield>
  <datafield tag="020" ind1=" " ind2=" ">
   <subfield code="a">9780300247572</subfield>
   <subfield code="c">Gebunden : EUR 55,20</subfield>
   <subfield code="9">978-0-300-24757-2</subfield>
  </datafield>
  <datafield tag="024" ind1="3" ind2=" ">
   <subfield code="a">9780300247572</subfield>
  </datafield>
  <datafield tag="035" ind1=" " ind2=" ">
   <subfield code="a">(DE-627)1733216243</subfield>
  </datafield>
  <datafield tag="035" ind1=" " ind2=" ">
   <subfield code="a">(DE-599)KXP1733216243</subfield>
  </datafield>
  <datafield tag="035" ind1=" " ind2=" ">
   <subfield code="a">(OCoLC)1224484252</subfield>
  </datafield>
  <datafield tag="040" ind1=" " ind2=" ">
   <subfield code="a">DE-627</subfield>
   <subfield code="b">ger</subfield>
   <subfield code="c">DE-627</subfield>
   <subfield code="e">rda</subfield>
  </datafield>
  <datafield tag="041" ind1=" " ind2=" ">
   <subfield code="a">eng</subfield>
  </datafield>
  <datafield tag="044" ind1=" " ind2=" ">
   <subfield code="c">XD-US</subfield>
   <subfield code="c">XA-GB</subfield>
  </datafield>
  <datafield tag="084" ind1=" " ind2=" ">
   <subfield code="a">KUNST</subfield>
   <subfield code="q">DE-16</subfield>
   <subfield code="2">fid</subfield>
  </datafield>
  <datafield tag="084" ind1=" " ind2=" ">
   <subfield code="a">LI 28740</subfield>
   <subfield code="q">DE-24/20sred</subfield>
   <subfield code="2">rvk</subfield>
   <subfield code="0">(DE-625)rvk/95966:13288</subfield>
  </datafield>
  <datafield tag="084" ind1=" " ind2=" ">
   <subfield code="a">21.02</subfield>
   <subfield code="2">bkl</subfield>
  </datafield>
  <datafield tag="084" ind1=" " ind2=" ">
   <subfield code="a">20.31</subfield>
   <subfield code="2">bkl</subfield>
  </datafield>
  <datafield tag="100" ind1="1" ind2=" ">
   <subfield code="a">Turel, Noa</subfield>
   <subfield code="e">VerfasserIn</subfield>
   <subfield code="0">(DE-588)1012358089</subfield>
   <subfield code="0">(DE-627)704856778</subfield>
   <subfield code="0">(DE-576)34533194X</subfield>
   <subfield code="4">aut</subfield>
  </datafield>
  <datafield tag="245" ind1="1" ind2="0">
   <subfield code="a">Living pictures</subfield>
   <subfield code="b">Jan van Eyck and painting's first century</subfield>
   <subfield code="c">Noa Turel</subfield>
  </datafield>
  <datafield tag="246" ind1="3" ind2="0">
   <subfield code="a">1st 1.</subfield>
  </datafield>
  <datafield tag="264" ind1=" " ind2="1">
   <subfield code="a">New Haven</subfield>
   <subfield code="a">London</subfield>
   <subfield code="b">Yale University Press</subfield>
   <subfield code="c">[2020]</subfield>
  </datafield>
  <datafield tag="300" ind1=" " ind2=" ">
   <subfield code="a">189 Seiten</subfield>
   <subfield code="b">Illustrationen</subfield>
  </datafield>
  <datafield tag="336" ind1=" " ind2=" ">
   <subfield code="a">Text</subfield>
   <subfield code="b">txt</subfield>
   <subfield code="2">rdacontent</subfield>
  </datafield>
  <datafield tag="336" ind1=" " ind2=" ">
   <subfield code="a">unbewegtes Bild</subfield>
   <subfield code="b">sti</subfield>
   <subfield code="2">rdacontent</subfield>
  </datafield>
  <datafield tag="337" ind1=" " ind2=" ">
   <subfield code="a">ohne Hilfsmittel zu benutzen</subfield>
   <subfield code="b">n</subfield>
   <subfield code="2">rdamedia</subfield>
  </datafield>
  <datafield tag="338" ind1=" " ind2=" ">
   <subfield code="a">Band</subfield>
   <subfield code="b">nc</subfield>
   <subfield code="2">rdacarrier</subfield>
  </datafield>
  <datafield tag="583" ind1="1" ind2=" ">
   <subfield code="a">Archivierung/Langzeitarchivierung gewährleistet</subfield>
   <subfield code="f">FID</subfield>
   <subfield code="x">XA-DE-BW</subfield>
   <subfield code="2">pdager</subfield>
   <subfield code="5">DE-16</subfield>
  </datafield>
  <datafield tag="689" ind1="0" ind2="0">
   <subfield code="d">p</subfield>
   <subfield code="0">(DE-588)118531557</subfield>
   <subfield code="0">(DE-627)079332188</subfield>
   <subfield code="0">(DE-576)160896355</subfield>
   <subfield code="a">Eyck, Jan van</subfield>
   <subfield code="d">1390-1441</subfield>
   <subfield code="2">gnd</subfield>
  </datafield>
  <datafield tag="689" ind1="0" ind2=" ">
   <subfield code="5">(DE-627)</subfield>
  </datafield>
  <datafield tag="689" ind1="1" ind2="0">
   <subfield code="d">s</subfield>
   <subfield code="0">(DE-588)4037220-0</subfield>
   <subfield code="0">(DE-627)10623871X</subfield>
   <subfield code="0">(DE-576)209022892</subfield>
   <subfield code="a">Malerei</subfield>
   <subfield code="2">gnd</subfield>
  </datafield>
  <datafield tag="689" ind1="1" ind2="1">
   <subfield code="a">z</subfield>
   <subfield code="2">gnd</subfield>
   <subfield code="a">Geschichte 1400-1500</subfield>
  </datafield>
  <datafield tag="689" ind1="1" ind2=" ">
   <subfield code="5">(DE-627)</subfield>
  </datafield>
  <datafield tag="787" ind1="0" ind2="8">
   <subfield code="i">Rezensiert in</subfield>
   <subfield code="a">Kohl, Jeanette</subfield>
   <subfield code="t">[Rezension von: Frank Fehrenbach, Quasi vivo. Lebendigkeit in der italienischen Kunst der Frühen Neuzeit - Noa Turel, Living pictures. Jan van Eyck and painting's first century]</subfield>
   <subfield code="d">2022</subfield>
   <subfield code="w">(DE-627)1837141215</subfield>
  </datafield>
  <datafield tag="856" ind1="4" ind2="2">
   <subfield code="u">https://swbplus.bsz-bw.de/bsz1733216243inh.htm</subfield>
   <subfield code="m">V:DE-576;B:DE-16</subfield>
   <subfield code="q">application/pdf</subfield>
   <subfield code="v">20201204154045</subfield>
   <subfield code="3">Inhaltsverzeichnis</subfield>
  </datafield>
  <datafield tag="856" ind1="4" ind2="2">
   <subfield code="u">https://swbplus.bsz-bw.de/bsz1733216243rez.htm</subfield>
   <subfield code="m">V:DE-576</subfield>
   <subfield code="m">B:DE-16</subfield>
   <subfield code="v">20240625193018</subfield>
   <subfield code="3">Rezension</subfield>
  </datafield>
  <datafield tag="856" ind1="4" ind2="2">
   <subfield code="u">https://swbplus.bsz-bw.de/bsz1733216243rez-1.htm</subfield>
   <subfield code="m">V:DE-576</subfield>
   <subfield code="m">B:DE-16</subfield>
   <subfield code="v">20240729193019</subfield>
   <subfield code="3">Rezension</subfield>
  </datafield>
  <datafield tag="936" ind1="r" ind2="v">
   <subfield code="a">LI 28740</subfield>
   <subfield code="b">Beziehungen zu anderen Personen, Nachwirken von Persönlichkeit und Werk</subfield>
   <subfield code="k">Kunstgeschichte</subfield>
   <subfield code="k">Künstler-Monografien</subfield>
   <subfield code="k">Alphabetische Künstlerliste</subfield>
   <subfield code="k">Künstler E</subfield>
   <subfield code="k">Eyck, Brüder van</subfield>
   <subfield code="k">Eyck, Jan van (bis 28740)</subfield>
   <subfield code="k">Beziehungen zu anderen Personen, Nachwirken von Persönlichkeit und Werk</subfield>
   <subfield code="0">(DE-627)1274795729</subfield>
   <subfield code="0">(DE-625)rvk/95966:13288</subfield>
   <subfield code="0">(DE-576)204795729</subfield>
  </datafield>
  <datafield tag="936" ind1="b" ind2="k">
   <subfield code="a">21.02</subfield>
   <subfield code="j">Geschichte der Malerei</subfield>
   <subfield code="0">(DE-627)106406698</subfield>
  </datafield>
  <datafield tag="936" ind1="b" ind2="k">
   <subfield code="a">20.31</subfield>
   <subfield code="j">Bildende Künstler</subfield>
   <subfield code="0">(DE-627)181571080</subfield>
  </datafield>
  <datafield tag="951" ind1=" " ind2=" ">
   <subfield code="a">BO</subfield>
  </datafield>
  <datafield tag="990" ind1=" " ind2=" ">
   <subfield code="a">Eyck, Jan van</subfield>
  </datafield>
  <datafield tag="990" ind1=" " ind2=" ">
   <subfield code="a">Malerei</subfield>
  </datafield>
  <datafield tag="990" ind1=" " ind2=" ">
   <subfield code="a">Geschichte 1400-1500</subfield>
  </datafield>
  <datafield tag="991" ind1=" " ind2=" ">
   <subfield code="a">Rezensiertes Werk</subfield>
  </datafield>
  <datafield tag="999" ind1=" " ind2=" ">
   <subfield code="a">KXP-PPN1733216243</subfield>
   <subfield code="e">4282313706</subfield>
  </datafield>
 </record>
</collection>
